Statistics for Countries Closest to an Unknown Country A-Z #2

Click here to take the quiz!

General Stats

  • This quiz has been taken 33,379 times
    (28,212 since last reset)
  • The average score is 19 of 25

Answer Stats

Country% Correct
YYemen
87%
QQatar
86%
OOman
85%
FFrance
84%
ZZambia
83%
IItaly
82%
AAlbania
81%
GGermany
81%
SSerbia | Slovenia
81%
DDenmark
80%
HHungary
80%
BBosnia & Herzegovina
76%
RRomania
76%
VVatican City
76%
TTurkey
75%
UUkraine
74%
KKosovo
72%
PPoland
71%
Croatia
70%
MMontenegro
70%
JJordan
69%
CCzech Republic
64%
LLiechtenstein
63%
EEgypt
61%
NNorth Macedonia
61%

Score Distribution

Percentile by Number Answered

Percent of People with Each Score

Your Score History

You have not taken this quiz since the last reset